|
|
|
|
| LEADER |
00000nam0a2200000 4500 |
| 001 |
268339 |
| 005 |
20231101234146.0 |
| 035 |
|
|
|a (RuTPU)RU\TPU\book\291490
|
| 090 |
|
|
|a 268339
|
| 100 |
|
|
|a 20140902d1987 k y0rusy50 ca
|
| 101 |
0 |
|
|a rus
|
| 102 |
|
|
|a RU
|
| 105 |
|
|
|a y z 001zy
|
| 200 |
1 |
|
|a Автоматизация годового планирования машиностроительного производства
|f В. М. Португал, М. Н. Павленков
|
| 210 |
|
|
|a Москва
|c Машиностроение
|d 1987
|
| 215 |
|
|
|a 136 с.
|
| 320 |
|
|
|a Библиогр.: с. 133.
|
| 606 |
1 |
|
|a Машиностроительные объединения
|x Планирование
|2 stltpush
|3 (RuTPU)RU\TPU\subj\41674
|9 61460
|
| 610 |
1 |
|
|a машиностроительное производство
|
| 610 |
1 |
|
|a автоматизация
|
| 610 |
1 |
|
|a модели
|
| 610 |
1 |
|
|a текущее планирование
|
| 610 |
1 |
|
|a методика
|
| 610 |
1 |
|
|a информационное обеспечение
|
| 610 |
1 |
|
|a перспективы развития
|
| 675 |
|
|
|a 621.002:658.51.012
|v 3
|
| 700 |
|
1 |
|a Португал
|b В. М.
|g Виктор Михайлович
|
| 701 |
|
1 |
|a Павленков
|b М. Н.
|g Михаил Николаевич
|
| 801 |
|
1 |
|a RU
|b 63413507
|c 20140902
|
| 801 |
|
2 |
|a RU
|b 63413507
|c 20160210
|g RCR
|
| 942 |
|
|
|c BK
|